01181nas a2200265Ia 4500001001100000003000900011008004100020040001300061040001300074041001300087100004400100210002000144222002000164245011800184250001100302260002800313501008600341300001700427362004000444500015400484650003600638942000700674999001900681952021500700R012/42604IT-RoPAU151124c99999999xx |||||||||||| ||und|| aIT-RoPAU cIT-RoPAU aITALIANO aCosta AntoniogCodice Aut. SPICS: 7766 aCINEMA & CINEMA aCinema & Cinema aCINEMA & CINEMA, ANNO 12-N.43 (MAGGIO-AGOSTO 1985)bDal Realismo Al Nominalismo-Note Sulla Semiologia di Pasolini a1a ed. aVENEZIAbMARSILIOc1985 bPaulus - SPICS - Società San Paolo EM (non-commercial uses only)cCopyright2015 a9 p. [17-25] aANNO 012, N.43 (MAGGIO-AGOSTO 1985) aRelazione Tenuta a Parigi "Le Forme Dello Sguardo" Durante una Manifestazione in Onore di Pasolini. Poetica e Semiologia Cinematografica di Pasolini. aCINEMAvPUBBLICAZIONE PERIODICA cCR c131429d131429 0010406R_012_42604000000000071aSPICSbSPICSd2015-11-25l0oR012/42604r2015-11-25 00:00:00w2015-11-25yCRzProgr. Ins: 22779 / Copia rara: NO / date import: 25.11.2015 / By Epidotti, Trombetti, Vaglietti